000 00592nam a2200181Ia 4500
003 GCL
008 140319s9999 xx 000 0 eng d
040 _aGCL /
_cGCL
082 0 4 _a025.32220285572
_bN U
100 1 _aNETWORK DEVELOPMENT AND MARC STANDARD
245 1 0 _aUSMARC PORMAT FOR AUTHORITY DATA: INCLUDING GUIDELINES FOR CONTENT DESIGNATION /
_cNETWORK DEVELOPMENT AND MARC STANDARD
260 _a[S.N] :
_bLIBRARY OF CONGRESS ،
_c1993
300 _a688 P
650 0 4 _aCATALOGING
650 0 4 _aMARC FORMATS-U.S.A
650 0 4 _aAUTHORITY FILES CATALOGING -U.S
942 _2ddc
_cBK
999 _c14823
_d14823